Authors' Signatures Quiz Stats

Quiz Updated Aug 21, 2017

Also try: Not My Book Chain
Challenge
Share
Tweet
Score 0/24 Timer 04:00
0 Plays Today
% Correct
Victor Hugo
97.7%
Stephen King
96.7%
F. Scott Fitzgerald
94%
Mark Twain
91.3%
Harper Lee
90%
Lewis Carroll
89.1%
Jules Verne
88.5%
Jack London
87.8%
J. D. Salinger
87.5%
William Shakespeare
87.1%
Franz Kafka
87%
Arthur Conan Doyle
86.7%
% Correct
Charlotte Brontë
84.9%
James Joyce
84.5%
George Orwell
84.1%
John Steinbeck
83.2%
Herman Melville
82.9%
J. R. R. Tolkien
80.2%
Louisa May Alcott
76.9%
Miguel de Cervantes
68.5%
Dan Brown
64.5%
Alexandre Dumas
59%
Harriet Beecher Stowe
23.9%
Gabriel García Márquez
10.3%

You're not logged in!

Compare scores with friends on all Sporcle quizzes.
Sign Up with Email
OR
Log In

You Might Also Like...

Show Comments

Extras

Top Quizzes Today


Score Distribution

Your Account Isn't Verified!

In order to create a playlist on Sporcle, you need to verify the email address you used during registration. Go to your Sporcle Settings to finish the process.